Statistics for U.S. Cities with the Most Homeless People

Click here to take the quiz!

General Stats

  • This quiz has been taken 29,877 times
    (12,916 since last reset)
  • The average score is 8 of 11

Answer Stats

# People% ChangeCity% Correct
3,622+ 56New York City
99%
52,930+ 82Los Angeles
98%
24,607+ 69San Francisco
91%
4,643+ 63Miami
86%
6,456+ 66Seattle
81%
4,476+ 15San Diego
79%
2,524+ 27Portland
68%
3,188+ 19Phoenix
66%
3,317+ 13Las Vegas
65%
3,900+ 221Sacramento
49%
2,403+ 131Honolulu
31%

Score Distribution

Percentile by Number Answered

Percent of People with Each Score

Your Score History

You have not taken this quiz since the last reset